Normal view
MARC view
- Butt, Muhammad Shahzaib
Entry Personal Name
001 - CONTROL NUMBER
- control field: 128168
003 - CONTROL NUMBER IDENTIFIER
- control field: NUST
005 - DATE AND TIME OF LATEST TRANSACTION
- control field: 20250306113115.0
008 - FIXED-LENGTH DATA ELEMENTS
- fixed length control field: 250306|| aca||aabn | a|a d
040 ## - CATALOGING SOURCE
- Original cataloging agency: NUST
- Transcribing agency: NUST
100 ## - HEADING--PERSONAL NAME
- Personal name: Butt, Muhammad Shahzaib
670 ## - SOURCE DATA FOUND
- Source citation: Work cat.: (NUST): Butt, Muhammad Shahzaib , Effect of Hygrothermal Aging on Strength Performance of Cork Powder Reinforced Adhesive Joints /
